| 000 -LEADER |
| fixed length control field |
00706nam a22001697a 4500 |
| 005 - DATE AND TIME OF LATEST TRANSACTION |
| control field |
20240314171350.0 |
| 008 - FIXED-LENGTH DATA ELEMENTS--GENERAL INFORMATION |
| fixed length control field |
240314s1983 ru ||||| |||| 00| 0 rus d |
| 041 ## - LANGUAGE CODE |
| Language code of text/sound track or separate title |
rus |
| 080 ## - UNIVERSAL DECIMAL CLASSIFICATION NUMBER |
| Universal Decimal Classification number |
902.6 C-20 |
| 100 ## - MAIN ENTRY--PERSONAL NAME |
| Personal name |
Сарианиди, Виктор Иванович |
| 9 (RLIN) |
21431 |
| 245 ## - TITLE STATEMENT |
| Title |
Афганистан : сокровища безымянных царей / |
| Statement of responsibility, etc. |
В. И. Сарианиди. |
| 264 ## - PRODUCTION, PUBLICATION, DISTRIBUTION, MANUFACTURE, AND COPYRIGHT NOTICE |
| Place of production, publication, distribution, manufacture |
Москва : |
| Name of producer, publisher, distributor, manufacturer |
Наука, |
| Date of production, publication, distribution, manufacture, or copyright notice |
1983. |
| 300 ## - PHYSICAL DESCRIPTION |
| Extent |
159 с.: |
| Other physical details |
ил.; |
| Dimensions |
20 см. |
| 653 ## - INDEX TERM--UNCONTROLLED |
| keyword |
არქეოლოგიური ძეგლები - ავღანეთი |
| 653 ## - INDEX TERM--UNCONTROLLED |
| keyword |
ავღანური მხატვრული ოქროს ნივთები |
| 942 ## - ADDED ENTRY ELEMENTS (KOHA) |
| Source of classification or shelving scheme |
|
| Koha item type |
წიგნი |